000 01336nam a22002417a 4500
999 _c62326
_d62326
003 Ge_BSU
005 20241007104728.0
008 241007s2024 ge ||||| |||| 00| 0 geo d
020 _a9789941344022
041 _ageo
080 _a340.1(075.8) ი-39
100 _aიზორია, ლევან
_97856
245 _aსამართლებრივი და სახელმწიფოებრივი აზროვნება :
_bსამართალმცოდნეობის შესავალი /
_cლევან იზორია; რედაქტორი პაატა ტურავა.
250 _aპირველი გამოცემა
264 _aთბილისი :
_bმერიდიანი,
_c2024.
300 _a274 გვ. ;
_b 21 სმ.
500 _a თავფურცლის მე-3 გვერდი ინგლისურ და გერმანულ ენებზე.
504 _a ბიბლიოგრაფია ტექსტის შენიშვნებში და გვ. 265-273.
653 _a სამართალმცოდნეობა
653 _aსამართალი
700 _aტურავა, პაატა
_eრედაქტორი
_99269
942 _2udc
_cᲬᲘᲒᲜᲘ